[Event "Rheinland-Pfalz-Saarland"]
[Site "Wismar"]
[Date "2009.10.02"]
[Round "5.6"]
[White "Zimmer, Ketsarin"]
[Black "Schmitt, Carsten"]
[Result "0-1"]
[WhiteElo "1774"]
[BlackElo "1588"]
[PlyCount "128"]
[EventDate "2009.??.??"]
[WhiteTeam "Rheinland-Pfalz"]
[BlackTeam "Saarland"]

1. e4 c5 2. c3 Nf6 3. e5 Nd5 4. d4 cxd4 5. cxd4 Nc6 6. Bc4 Nb6 7. Bb3 g6 8. Nc3
Bg7 9. f4 d6 10. Nf3 O-O 11. O-O Bg4 12. Be3 Na5 13. Bc2 Nac4 14. Bc1 Rc8 15.
h3 Bxf3 16. Qxf3 dxe5 17. dxe5 Nd2 18. Bxd2 Qxd2 19. Rf2 Qd7 20. Rd1 Qc7 21.
Be4 Rfd8 22. Rxd8+ Rxd8 23. Bxb7 Nc4 24. Ba6 Nd2 25. Qe3 Qb6 26. Qxb6 axb6 27.
Na4 Ne4 28. Rc2 f6 29. Nxb6 fxe5 30. Rc8 Rxc8 31. Nxc8 exf4 32. Nxe7+ Kf7 33.
Nd5 Bxb2 34. Nxf4 g5 35. Nd3 Bd4+ 36. Kf1 h6 37. Bb7 Nd6 38. Bf3 Kf6 39. a4 Nc4
40. Ke2 Na5 41. Nf2 Ke6 42. Kd3 Bxf2 43. Kc3 Be1+ 44. Kd4 Kf6 45. Kd5 Kg6 46.
Ke6 Kg7 47. Kf5 Nb3 48. Ke5 Bg3+ 49. Kd5 Kf6 50. Bh5 Kf5 51. Kc4 Na5+ 52. Kb5
Be1 53. Bf3 Kg6 54. Be4+ Kh5 55. Bf3+ Kh4 56. Bd5 Kg3 57. Bf3 Nb3 58. Bb7 h5
59. Bd5 Nd4+ 60. Kb6 Ne2 61. a5 Nf4 62. Bf3 h4 63. a6 Nxh3 64. Kb7 Bf2 0-1

[Event "Rheinland-Pfalz-Saarland"]
[Site "Wismar"]
[Date "2009.10.02"]
[Round "5.7"]
[White "Bruehan, Caren"]
[Black "Bohrmann, Sandra"]
[Result "0-1"]
[WhiteElo "1291"]
[BlackElo "1579"]
[PlyCount "124"]
[EventDate "2009.??.??"]
[WhiteTeam "Saarland"]
[BlackTeam "Rheinland-Pfalz"]

1. d4 d5 2. Nf3 c5 3. e3 a6 4. c4 Nf6 5. Nc3 e6 6. b3 Nc6 7. Bb2 Be7 8. Be2 O-O
9. O-O Re8 10. Re1 b6 11. Rc1 Bb7 12. a3 Bd6 13. Kh1 Ng4 14. Kg1 dxc4 15. bxc4
Qc7 16. g3 cxd4 17. Nxd4 Nge5 18. f4 Nd7 19. Bf3 f6 20. Ne4 Bc5 21. Nxc5 Nxc5
22. e4 e5 23. fxe5 fxe5 24. Nf5 Rad8 25. Qe2 Nd3 26. Rcd1 Nxe1 27. Qxe1 Rxd1
28. Qxd1 Rd8 29. Qb3 Na5 30. Qb4 Nxc4 31. Ne7+ Kh8 32. Nd5 Bxd5 33. exd5 Nxb2
34. Qxb2 Qc5+ 35. Kg2 Qd4 36. Qc1 Kg8 37. Qg5 Rf8 38. Qe7 Qd2+ 39. Kh3 Qh6+ 40.
Kg2 Qf6 41. Qe6+ Qxe6 42. dxe6 Re8 43. Bd5 Re7 44. Kf3 g6 45. Ke4 Kg7 46. Kxe5
b5 47. Bb3 a5 48. Kd6 Kf6 49. Kc6 b4 50. axb4 axb4 51. Kd6 h6 52. h3 Re8 53.
Kd7 Re7+ 54. Kd6 g5 55. g4 Rb7 56. Kc5 Ke7 57. Kc6 Rb8 58. Kc5 Rf8 59. Bd5 b3
60. Bxb3 Rf3 61. Bd5 Rxh3 62. Kd4 Rg3 0-1

[Event "Rheinland-Pfalz-Saarland"]
[Site "Wismar"]
[Date "2009.10.02"]
[Round "5.8"]
[White "Schwarz, Larissa"]
[Black "Hess, Sophie"]
[Result "1-0"]
[WhiteElo "1391"]
[BlackElo "970"]
[PlyCount "87"]
[EventDate "2009.??.??"]
[WhiteTeam "Rheinland-Pfalz"]
[BlackTeam "Saarland"]

1. e4 e5 2. Nf3 Nc6 3. d4 exd4 4. Nxd4 Qh4 5. Nc3 Bb4 6. Qd3 Nge7 7. Be2 d6 8.
Be3 Bd7 9. Nf3 Qf6 10. Bd2 h6 11. a3 Ba5 12. O-O O-O 13. Nd5 Nxd5 14. exd5 Bxd2
15. dxc6 Bxc6 16. Qxd2 Rfe8 17. c3 Qg6 18. Qd3 Be4 19. Qd2 Re5 20. Rad1 Bc6 21.
Rfe1 Rae8 22. b4 Rxe2 23. Rxe2 Bxf3 24. Rxe8+ Kh7 25. Qd3 f5 26. Qxf3 Qxe8 27.
Qxf5+ g6 28. Qf3 c5 29. Qxb7+ Kh8 30. Kf1 Qe6 31. Qd5 Qd7 32. Qxd6 Qb5+ 33. Qd3
Qxd3+ 34. Rxd3 cxb4 35. axb4 Kg7 36. Rf3 h5 37. c4 g5 38. c5 g4 39. Re3 Kg6 40.
c6 Kg5 41. c7 g3 42. Rxg3+ Kh4 43. c8=Q a5 44. Qd8# 1-0

[Event "Mecklenburg-Vorpommern 2-Thueringen"]
[Site "Wismar"]
[Date "2009.10.02"]
[Round "5.1"]
[White "Wendling, Hannes"]
[Black "Lehmann, Ruben"]
[Result "1/2-1/2"]
[WhiteElo "2193"]
[BlackElo "1846"]
[PlyCount "51"]
[EventDate "2009.??.??"]
[WhiteTeam "Thüringen"]
[BlackTeam "Mecklenburg-Vorpommern 2"]

1. e4 {[%emt 0:00:00]} c6 2. Ne2 d5 3. e5 Bf5 4. Ng3 Bg6 5. h4 h6 6. h5 Bh7 7.
e6 fxe6 8. d4 Qd6 9. f4 Nf6 10. Bd3 Bxd3 11. Qxd3 Nbd7 12. Qg6+ Kd8 13. O-O c5
14. c3 cxd4 15. cxd4 Qb6 16. Rd1 e5 17. fxe5 Nxe5 18. Qf5 Ned7 19. Nc3 e6 20.
Qg6 Bd6 21. Nge2 Rg8 22. Nf4 Nf8 23. Qf7 Rc8 24. Nfxd5 exd5 25. Nxd5 Rc7 26.
Qxg8 1/2-1/2

[Event "Mecklenburg-Vorpommern 2-Thueringen"]
[Site "Wismar"]
[Date "2009.10.02"]
[Round "5.2"]
[White "Wolf, Christoph"]
[Black "Siebarth, Raiko"]
[Result "1/2-1/2"]
[WhiteElo "1963"]
[BlackElo "2218"]
[PlyCount "47"]
[EventDate "2009.??.??"]
[WhiteTeam "Mecklenburg-Vorpommern 2"]
[BlackTeam "Thüringen"]

1. e4 c5 2. Nf3 Nc6 3. d4 cxd4 4. Nxd4 Nf6 5. Nc3 e5 6. Nb3 Bb4 7. Bd3 d5 8.
exd5 Qxd5 9. O-O Bxc3 10. bxc3 Be6 11. c4 Qd6 12. Qe2 O-O 13. Bb2 Rfe8 14. f3
Nd7 15. Qf2 Nb4 16. Rfd1 Nxd3 17. cxd3 a5 18. Nd2 f5 19. d4 exd4 20. Bxd4 Ne5
21. Bxe5 Qxe5 22. Rab1 Rad8 23. Rdc1 Rd7 24. Nb3 1/2-1/2

[Event "Mecklenburg-Vorpommern 2-Thueringen"]
[Site "Wismar"]
[Date "2009.10.02"]
[Round "5.3"]
[White "Urban, Lars"]
[Black "Weber, Max"]
[Result "1/2-1/2"]
[WhiteElo "1831"]
[BlackElo "1894"]
[PlyCount "41"]
[EventDate "2009.??.??"]
[WhiteTeam "Thüringen"]
[BlackTeam "Mecklenburg-Vorpommern 2"]

1. d4 {[%emt 0:00:00]} Nf6 2. c4 g6 3. Nc3 d5 4. cxd5 Nxd5 5. Bd2 Nb6 6. Nf3
Bg7 7. e4 Bg4 8. Be3 O-O 9. Be2 N8d7 10. Qb3 e5 11. d5 Kh8 12. Rc1 Rc8 13. a4
a5 14. O-O f5 15. Ng5 f4 16. Bxg4 Qxg5 17. Bxb6 Qxg4 18. f3 Qh5 19. Bf2 g5 20.
h3 Qg6 21. Qxb7 1/2-1/2

[Event "Mecklenburg-Vorpommern 2-Thueringen"]
[Site "Wismar"]
[Date "2009.10.02"]
[Round "5.4"]
[White "Valet, Alexander"]
[Black "Schaetz, Bianca"]
[Result "1/2-1/2"]
[WhiteElo "1887"]
[BlackElo "1674"]
[PlyCount "96"]
[EventDate "2009.??.??"]
[WhiteTeam "Mecklenburg-Vorpommern 2"]
[BlackTeam "Thüringen"]

1. e4 c5 2. Nc3 g6 3. g3 Bg7 4. Bg2 Nc6 5. d3 d6 6. f4 e6 7. Nf3 Nge7 8. O-O
O-O 9. Be3 Nd4 10. Bf2 Nxf3+ 11. Bxf3 Rb8 12. Rb1 Nc6 13. Ne2 Nd4 14. Bg2 Nxe2+
15. Qxe2 b6 16. c3 d5 17. exd5 exd5 18. d4 Bf5 19. Rbd1 c4 20. Rfe1 Qd7 21. Qe7
Rbd8 22. Qxd7 Rxd7 23. Re3 Bd3 24. Rde1 f5 25. Re7 Rfd8 26. b3 b5 27. Rxd7 Rxd7
28. Re8+ Bf8 29. Rb8 a6 30. Rb6 cxb3 31. axb3 a5 32. Bf1 Bxf1 33. Kxf1 b4 34.
cxb4 Bxb4 35. Be1 Ba3 36. Bxa5 Bb2 37. Rb8+ Kf7 38. Bb6 Re7 39. Rd8 Rb7 40. Rd6
Ke8 41. Bc5 Rxb3 42. Rxd5 Ba3 43. Re5+ Kf7 44. Re7+ Kg8 45. Bxa3 Rxa3 46. d5
Rd3 47. Rd7 h6 48. Rd8+ Kf7 1/2-1/2

[Event "Mecklenburg-Vorpommern 2-Thueringen"]
[Site "Wismar"]
[Date "2009.10.02"]
[Round "5.5"]
[White "Senf, Paul"]
[Black "Siegert, Gregor"]
[Result "0-1"]
[WhiteElo "1494"]
[BlackElo "1435"]
[PlyCount "66"]
[EventDate "2009.??.??"]
[WhiteTeam "Thüringen"]
[BlackTeam "Mecklenburg-Vorpommern 2"]

1. e4 c5 2. Nf3 d6 3. d4 cxd4 4. Nxd4 Nf6 5. Nc3 a6 6. Bg5 e6 7. f4 Be7 8. Qf3
Nbd7 9. O-O-O Qc7 10. g4 b5 11. Bxf6 Nxf6 12. g5 Nd7 13. a3 Bb7 14. h4 Rc8 15.
Rd2 Nb6 16. f5 e5 17. Nb3 Nc4 18. Rd3 Bd8 19. Bh3 Rb8 20. Rhd1 Ba8 21. f6 g6
22. Rh1 h5 23. gxh6 Rxh6 24. Qf2 a5 25. Bg2 b4 26. axb4 axb4 27. Na2 Na5 28.
Kb1 Nxb3 29. Rxb3 Qc4 30. Qd2 Bxe4 31. Bxe4 Qxe4 32. Rhh3 Rxh4 33. Rbe3 Qc4 {
ZU von Weis} 0-1

[Event "Mecklenburg-Vorpommern 2-Thueringen"]
[Site "Wismar"]
[Date "2009.10.02"]
[Round "5.6"]
[White "Wulf, Constanze"]
[Black "Juenger, Theresa"]
[Result "0-1"]
[WhiteElo "1276"]
[BlackElo "1581"]
[PlyCount "48"]
[EventDate "2009.??.??"]
[WhiteTeam "Mecklenburg-Vorpommern 2"]
[BlackTeam "Thüringen"]

1. d4 Nf6 2. Bf4 e6 3. Nf3 d5 4. e3 c5 5. c3 Be7 6. Nbd2 b6 7. Bd3 Bb7 8. O-O
Nbd7 9. Ne5 O-O 10. Qf3 Rc8 11. Qh3 c4 12. Bc2 b5 13. g4 g6 14. Qg3 b4 15. h4
bxc3 16. bxc3 Qa5 17. Nxd7 Nxd7 18. e4 Nf6 19. Rfe1 Ba8 20. g5 Nh5 21. Qf3 Nxf4
22. Qxf4 Qxc3 23. Ba4 Qxd4 24. exd5 Qxf4 0-1

[Event "Mecklenburg-Vorpommern 2-Thueringen"]
[Site "Wismar"]
[Date "2009.10.02"]
[Round "5.7"]
[White "Zahn, Alina"]
[Black "Richter, Jannina"]
[Result "1-0"]
[WhiteElo "1583"]
[BlackElo "1161"]
[PlyCount "69"]
[EventDate "2009.??.??"]
[WhiteTeam "Thüringen"]
[BlackTeam "Mecklenburg-Vorpommern 2"]

1. e4 e5 2. Nf3 Nc6 3. Bc4 Bc5 4. c3 Nf6 5. d3 O-O 6. Bg5 h6 7. Bh4 d6 8. Bb3
Qe7 9. Nbd2 Be6 10. Bc2 Bg4 11. h3 Bd7 12. Nf1 Rfe8 13. Ne3 Bb6 14. Nd5 Qd8 15.
Nxf6+ gxf6 16. Qd2 Kh7 17. d4 Rg8 18. g4 Rg6 19. Bb3 Qe8 20. O-O-O Bc8 21. Rdg1
Qf8 22. Bg3 a6 23. Nh4 Rg8 24. Nf5 Bxf5 25. gxf5 exd4 26. Bh4 dxc3 27. bxc3 Ne5
28. Rxg8 Qxg8 29. Qd1 Qd8 30. Qh5 Qe7 31. Rg1 Rb8 32. Kd1 Rf8 33. Rg2 Bc5 34.
f4 Nc6 35. Qg4 1-0

[Event "Mecklenburg-Vorpommern 2-Thueringen"]
[Site "Wismar"]
[Date "2009.10.02"]
[Round "5.8"]
[White "Wagner, Swenja"]
[Black "Juenger, Alexander"]
[Result "0-1"]
[WhiteElo "845"]
[BlackElo "1346"]
[PlyCount "110"]
[EventDate "2009.??.??"]
[WhiteTeam "Mecklenburg-Vorpommern 2"]
[BlackTeam "Thüringen"]

1. e4 d5 2. exd5 Qxd5 3. Nc3 Qa5 4. d4 Nf6 5. Nf3 Bg4 6. Be2 e6 7. Bd2 c6 8.
Bc4 Qc7 9. h3 Bh5 10. Qe2 Nbd7 11. O-O-O Bd6 12. d5 O-O 13. dxe6 Ne5 14. exf7+
Bxf7 15. Bxf7+ Nxf7 16. Rhe1 Rfe8 17. Qc4 b5 18. Qb3 Kh8 19. Ng5 Nxg5 20. Bxg5
Bf4+ 21. Bxf4 Qxf4+ 22. Kb1 Qxf2 23. Rf1 Qxg2 24. Qf7 Rf8 25. Rg1 Qxg1 26.
Qxf8+ Rxf8 27. Rxg1 Nh5 28. b3 Rf3 29. Rd1 h6 30. Rd8+ Kh7 31. Rd3 Rxd3 32.
cxd3 Nf4 33. d4 Nxh3 34. Nxb5 cxb5 35. d5 Kg6 36. d6 Kf6 37. d7 Ke7 38. a4 bxa4
39. bxa4 Kxd7 40. Kb2 g5 41. Kc2 g4 42. Kd2 g3 43. Ke2 g2 44. Kf3 g1=Q 45. a5
Ke6 46. a6 Kf5 47. Ke2 Ke4 48. Kd2 h5 49. Kc3 Qd1 50. Kb4 Qc2 51. Kb5 Qc3 52.
Ka4 Qb2 53. Ka5 Kd4 54. Ka4 Kc4 55. Ka5 Qb4# 0-1